[Event "PRO League Group Stage"]
[Site "chess.com INT"]
[Date "2018.01.25"]
[Round "2"]
[White "Bryant, John Daniel"]
[Black "Wang, Yue"]
[Result "0-1"]
[WhiteTitle "IM"]
[BlackTitle "GM"]
[WhiteElo "2437"]
[BlackElo "2690"]
[WhiteTeam "San Diego Surfers"]
[BlackTeam "Chengdu Pandas"]
[WhiteFideId "2031280"]
[BlackFideId "8601429"]
[EventDate "2018.01.18"]

1. e4 c6 2. Nc3 d5 3. Nf3 Bg4 4. h3 Bxf3 5. Qxf3 e6 6. d3 Nd7 7. Bd2 Qb6 8.
O-O-O Bd6 9. g4 Ne7 10. h4 d4 11. Ne2 c5 12. g5 Qa6 13. Kb1 Bc7 14. h5 Ne5 15.
Qg2 O-O-O 16. f4 N5c6 17. Qh3 Kb8 18. f5 exf5 19. exf5 Nd5 20. Bg2 Rhe8 21. Bxd5
Rxd5 22. Nf4 Rde5 23. g6 hxg6 24. hxg6 fxg6 25. Ne6 Nb4 26. Bxb4 cxb4 27. Rhg1
gxf5 28. Nxc7 Kxc7 29. Rxg7+ Kb8 30. Qh4 Qd6 31. Qf2 a5 32. Rh7 a4 33. Rh4 Rd5
34. Rf4 Qc5 35. Rc1 a3 36. c4 bxc3 37. bxc3 dxc3 38. Qxc5 Rxc5 39. Kc2 Re2+ 40.
Kb3 Rb2+ 41. Kxa3 Ra5+ 42. Ra4 Rxa4+ 43. Kxa4 b5+ 44. Ka3 b4+ 45. Ka4 c2 46. Kb5
Kc7 47. Kc5 f4 48. d4 f3 49. d5 f2 50. Rh1 Rb1 51. Rh7+ Kc8 52. Rh8+ Kb7 0-1

[Event "PRO League Group Stage"]
[Site "chess.com INT"]
[Date "2018.01.25"]
[Round "2"]
[White "Haug, Johannes"]
[Black "Salem, A.R. Saleh"]
[Result "1/2-1/2"]
[WhiteTitle "FM"]
[BlackTitle "GM"]
[WhiteElo "2357"]
[BlackElo "2642"]
[WhiteTeam "Oslo Trolls"]
[BlackTeam "Delhi Dynamite"]
[WhiteFideId "1509268"]
[BlackFideId "9301348"]
[EventDate "2018.01.18"]

1. d4 Nf6 2. c4 g6 3. Nf3 Bg7 4. g3 d5 5. Bg2 dxc4 6. Na3 c3 7. bxc3 O-O 8. O-O
c5 9. e3 Nc6 10. Qe2 Bf5 11. Bb2 e5 12. Nc4 e4 13. Nfe5 Nxe5 14. Nxe5 Qc7 15. a4
Rfe8 16. f3 exf3 17. Bxf3 Rad8 18. e4 Bh3 19. Rfe1 h5 20. Nd3 cxd4 21. cxd4 Nh7
22. Nf4 Ng5 23. Nxh3 Nxh3+ 24. Kg2 Ng5 25. Rad1 Qb6 26. Qb5 Nxf3 27. Kxf3 Qe6
28. Kg2 h4 29. d5 Qg4 30. Bxg7 Kxg7 31. Qe2 h3+ 32. Kg1 Qxe2 33. Rxe2 Re5 34.
Kf2 f5 35. Kf3 Kf6 36. exf5 Rxf5+ 37. Kg4 Rdxd5 38. Rxd5 Rxd5 39. Kxh3 Rd4 40.
Rb2 b6 41. a5 bxa5 42. Rb7 g5 43. Rxa7 a4 44. Ra5 Rb4 45. Rc5 Rd4 46. Ra5 Rc4
47. Rb5 Kg6 48. Ra5 Rb4 49. Rc5 Kh5 50. Ra5 Kh6 51. Ra6+ Kg7 52. Ra5 Kf6 53. Rc5 1/2-1/2

[Event "PRO League Group Stage"]
[Site "chess.com INT"]
[Date "2018.01.25"]
[Round "2"]
[White "Haug, Johannes"]
[Black "Aradhya, Garg"]
[Result "1-0"]
[WhiteTitle "FM"]
[WhiteElo "2357"]
[BlackElo "2289"]
[WhiteTeam "Oslo Trolls"]
[BlackTeam "Delhi Dynamite"]
[WhiteFideId "1509268"]
[BlackFideId "25006746"]
[EventDate "2018.01.18"]

1. d4 d5 2. c4 e6 3. Nf3 Nf6 4. Nc3 a6 5. cxd5 exd5 6. Bf4 Ne4 7. e3 Bb4 8. Qc2
g5 9. Bg3 h5 10. Bd3 Bf5 11. Nd2 Bxc3 12. bxc3 Qe7 13. Bxe4 dxe4 14. h4 Nd7 15.
Bxc7 gxh4 16. Nc4 Bg6 17. Ba5 Qg5 18. Bb4 Qxg2 19. Nd6+ Kf8 20. O-O-O Kg7 21.
Rdg1 Qf3 22. Rxh4 a5 23. Rf4 Qh3 24. Qxe4 Qf1+ 25. Rxf1 Bxe4 26. Rxf7+ Kh6 27.
Ba3 Bc6 28. Rg1 h4 29. Nf5+ Kh5 30. Rfg7 Bg2 31. R1xg2 1-0

[Event "PRO League Group Stage"]
[Site "chess.com INT"]
[Date "2018.01.25"]
[Round "2"]
[White "Ruiz Castillo, Joshua Daniel"]
[Black "Breckenridge, Steven"]
[Result "0-1"]
[WhiteTitle "IM"]
[BlackTitle "FM"]
[WhiteElo "2368"]
[BlackElo "2312"]
[WhiteTeam "Rio Grande Ospreys"]
[BlackTeam "Dallas Destiny"]
[WhiteFideId "4400704"]
[BlackFideId "2043700"]
[EventDate "2018.01.18"]

1. e4 e5 2. Nf3 Nc6 3. Bb5 a6 4. Ba4 Nf6 5. O-O b5 6. Bb3 Bb7 7. Re1 Bc5 8. c3
d6 9. d4 Bb6 10. Bc2 h6 11. a4 O-O 12. Na3 exd4 13. cxd4 Nb4 14. Bb1 Re8 15. Qb3
c5 16. d5 c4 17. Qxb4 Ba5 18. Qxa5 Qxa5 19. Bd2 Qb6 20. a5 Qc7 21. Bc2 Nd7 22.
Nd4 Nc5 23. Nb1 Nd3 24. Bxd3 cxd3 25. Na3 Kh7 26. Bb4 g6 27. Rad1 Rac8 28. Rxd3
Qc1 29. Nc6 Qxb2 30. Rb1 Qe2 31. Re3 Qa2 32. Nd4 Bxd5 33. f3 Bc4 34. Rbe1 Qb2
35. Nac2 Be6 36. Ba3 Qa2 37. R1e2 Red8 38. Kf2 Qc4 39. Rd2 Qc7 40. Bb4 Qb7 41.
Na3 Rc1 42. Ne2 Rc6 43. Nd4 Rc7 44. Ne2 g5 45. Nd4 Rb8 46. Bxd6 Rbc8 47. Bxc7
Rxc7 48. Nxe6 fxe6 49. Nc2 b4 50. Rb3 Rc4 51. Ne3 Rc3 52. Rxc3 bxc3 53. Rc2 Qb5
54. Rxc3 Qxa5 55. Rc2 Qb5 56. Nc4 a5 57. Ke3 a4 58. Rc3 Qc5+ 59. Kd3 Qf2 60. Rc2
Qf1+ 61. Kc3 Qg1 62. h3 Qb1 63. Rb2 Qe1+ 64. Kd3 a3 0-1

[Event "PRO League Group Stage"]
[Site "chess.com INT"]
[Date "2018.01.25"]
[Round "2"]
[White "Ruiz Castillo, Joshua Daniel"]
[Black "Sadorra, Julio Catalino"]
[Result "1-0"]
[WhiteTitle "IM"]
[BlackTitle "GM"]
[WhiteElo "2368"]
[BlackElo "2539"]
[WhiteTeam "Rio Grande Ospreys"]
[BlackTeam "Dallas Destiny"]
[WhiteFideId "4400704"]
[BlackFideId "5201268"]
[EventDate "2018.01.18"]

1. e4 Nf6 2. e5 Nd5 3. d4 d6 4. Nf3 dxe5 5. Nxe5 c6 6. Be2 Bf5 7. O-O Nd7 8. Nf3
e6 9. c4 N5f6 10. Nc3 Ne4 11. Be3 Nxc3 12. bxc3 Bd6 13. Qb3 Qc7 14. h3 b6 15. a4
O-O 16. a5 c5 17. axb6 axb6 18. Nh4 Be4 19. Bf3 Rxa1 20. Rxa1 Bd3 21. Rc1 Be7
22. g3 Bxh4 23. gxh4 e5 24. Bd5 Nf6 25. dxc5 Nxd5 26. cxd5 bxc5 27. c4 Be4 28.
Qa3 Rc8 29. Qa6 h6 30. Kh2 Kh7 31. Rg1 Rb8 32. d6 Qd7 33. Bxc5 Qf5 34. Be3 Rb3
35. Qa7 Rd3 36. Qc5 Qf3 37. Qxe5 Rxe3 38. Qxg7# 1-0

[Event "PRO League Group Stage"]
[Site "chess.com INT"]
[Date "2018.01.25"]
[Round "2"]
[White "Becerra Rivero, Julio"]
[Black "Bykhovsky, Anatoly"]
[Result "1/2-1/2"]
[WhiteTitle "GM"]
[BlackTitle "GM"]
[WhiteElo "2531"]
[BlackElo "2496"]
[WhiteTeam "Miami Champions"]
[BlackTeam "Montclair Sopranos"]
[WhiteFideId "3501728"]
[BlackFideId "2806991"]
[EventDate "2018.01.18"]

1. e4 c5 2. Nf3 e6 3. Nc3 a6 4. d4 cxd4 5. Nxd4 Qc7 6. Bd3 Nf6 7. O-O d6 8. a4
b6 9. Qe2 Be7 10. f4 Nbd7 11. Nf3 Bb7 12. Bd2 O-O 13. Rae1 Nc5 14. b4 Nxd3 15.
cxd3 Rac8 16. Rc1 Qb8 17. Kh1 Nd7 18. Be3 Rc7 19. Bd4 Rfc8 20. Qb2 Bf6 21. Ne2
Rxc1 22. Rxc1 Rxc1+ 23. Qxc1 Qc8 24. Qxc8+ Bxc8 25. Bxf6 Nxf6 26. Kg1 Kf8 27.
Nc3 Ke7 28. Kf2 Bb7 29. h3 Nd7 30. Ke3 Nb8 31. b5 Nd7 32. g4 h6 33. Nd2 g5 34.
f5 Kd8 35. Nc4 Kc7 36. d4 a5 37. Kd3 Ba8 38. Ne3 Bb7 39. Nc4 Ba8 40. Ne3 Bb7 1/2-1/2

[Event "PRO League Group Stage"]
[Site "chess.com INT"]
[Date "2018.01.25"]
[Round "2"]
[White "Becerra Rivero, Julio"]
[Black "Checa, Nicolas"]
[Result "1/2-1/2"]
[WhiteTitle "GM"]
[BlackTitle "IM"]
[WhiteElo "2531"]
[BlackElo "2486"]
[WhiteTeam "Miami Champions"]
[BlackTeam "Montclair Sopranos"]
[WhiteFideId "3501728"]
[BlackFideId "2069342"]
[EventDate "2018.01.18"]

1. e4 e6 2. d4 d5 3. Nc3 Bb4 4. exd5 exd5 5. Bd3 Nf6 6. Ne2 O-O 7. O-O Re8 8.
Ng3 c6 9. h3 Nbd7 10. Qf3 Nf8 11. Bg5 Be7 12. Nce2 Ne6 13. Be3 g6 14. c3 Ng7 15.
Rfe1 h5 16. Bg5 Nh7 17. Bxe7 Rxe7 18. Qf4 Ne6 19. Qd2 Bd7 20. Nf4 Ng7 21. c4 h4
22. Nf1 Rxe1 23. Rxe1 dxc4 24. Bxc4 Qf6 25. d5 Re8 26. dxc6 Bxc6 27. Rxe8+ Nxe8
28. Nh2 Qd6 29. Nf1 Qxd2 30. Nxd2 Kg7 31. Bd5 Bxd5 32. Nxd5 Nhf6 33. Nc3 Nd6 34.
Nf3 Nf5 35. Kf1 Kf8 36. Ke2 Ke7 37. Kd3 Nh5 38. Ne2 f6 39. Nfd4 Nhg7 40. Nb5 a6
41. Nbc3 g5 42. b4 Ne6 43. Nd5+ Kf7 44. a4 Ne7 45. Nec3 Ng6 46. Ne2 f5 47. f3
Ne5+ 48. Kc3 Nd7 49. a5 Nf6 50. Kc4 Nd7 51. Ne3 Ne5+ 52. Kd5 Kf6 53. Kd6 Nd3 54.
Nd5+ Kf7 55. Kd7 Ne1 56. Kc8 Nxg2 57. Kxb7 f4 58. Nec3 Ne1 59. Kxa6 Nxf3 60. Kb6
g4 61. a6 g3 62. a7 g2 63. Ne2 Ned4 64. a8=Q Nxe2 65. Qb7+ Ke6 66. Nxf4+ Nxf4
67. Qe4+ Kd7 68. Qf5+ Ke7 69. Qe4+ Ne6 70. Qb7+ Kd6 71. Qc6+ Ke5 72. Qxf3 g1=Q+
73. Kb7 Qg7+ 74. Kb6 Qc7+ 75. Ka6 Qc8+ 76. Qb7 Qxb7+ 77. Kxb7 Nf4 78. b5 Nxh3
79. b6 Nf4 80. Kc8 h3 81. b7 Ke4 82. b8=Q Kf3 83. Qb7+ Kg3 84. Qh7 h2 85. Qxh2+
Kxh2 1/2-1/2

[Event "PRO League Group Stage"]
[Site "chess.com INT"]
[Date "2018.01.25"]
[Round "2"]
[White "Tan, Justin2"]
[Black "Bitalzadeh, Ali"]
[Result "1-0"]
[WhiteTitle "IM"]
[BlackTitle "IM"]
[WhiteElo "2466"]
[BlackElo "2390"]
[WhiteTeam "London Lions"]
[BlackTeam "Amsterdam Mosquitoes"]
[WhiteFideId "3206882"]
[BlackFideId "1010972"]
[EventDate "2018.01.18"]

1. e4 g6 2. d4 Bg7 3. Nf3 d6 4. Bc4 Nf6 5. Qe2 c6 6. Bb3 O-O 7. O-O Bg4 8. c3
Nbd7 9. Re1 e5 10. h3 Bxf3 11. Qxf3 a5 12. a4 Qb6 13. Qd1 Rfe8 14. d5 Nc5 15.
Bc2 cxd5 16. exd5 e4 17. Na3 Nd3 18. Bxd3 exd3 19. Rf1 Ne4 20. Nc4 Qc5 21. Ne3
b5 22. Qxd3 b4 23. cxb4 Qxb4 24. Nc2 Qb6 25. Rb1 Nc5 26. Qa3 Re2 27. Ne3 Qa6 28.
b3 Nd3 29. Nc4 Nxf2 30. Qxd6 Qa7 31. Kh2 Rae8 32. Bf4 1-0

[Event "PRO League Group Stage"]
[Site "chess.com INT"]
[Date "2018.01.25"]
[Round "2"]
[White "Tan, Justin2"]
[Black "Ducarmon, Quinten"]
[Result "1/2-1/2"]
[WhiteTitle "IM"]
[BlackTitle "IM"]
[WhiteElo "2466"]
[BlackElo "2472"]
[WhiteTeam "London Lions"]
[BlackTeam "Amsterdam Mosquitoes"]
[WhiteFideId "3206882"]
[BlackFideId "1025007"]
[EventDate "2018.01.18"]

1. e4 c6 2. d4 d5 3. Nd2 dxe4 4. Nxe4 Bf5 5. Ng3 Bg6 6. Nh3 e6 7. Nf4 Bd6 8. h4
Qc7 9. Nxg6 hxg6 10. Ne4 Nf6 11. Nxd6+ Qxd6 12. c3 Nbd7 13. Bg5 Ne4 14. Be3
O-O-O 15. Qf3 Ndf6 16. O-O-O g5 17. g3 Qd5 18. hxg5 Rxh1 19. Qxh1 Qxa2 20. Bd3
Qa1+ 21. Kc2 Qa4+ 22. Kc1 Qa1+ 23. Bb1 Nxc3 24. bxc3 Qxc3+ 25. Bc2 Nd5 26. Qe1
Qa3+ 27. Kd2 Qc3+ 28. Kc1 Qa3+ 29. Kd2 1/2-1/2

[Event "PRO League Group Stage"]
[Site "chess.com INT"]
[Date "2018.01.25"]
[Round "2"]
[White "Breckenridge, Steven"]
[Black "Dragun, Kamil"]
[Result "0-1"]
[WhiteTitle "FM"]
[BlackTitle "GM"]
[WhiteElo "2312"]
[BlackElo "2610"]
[WhiteTeam "Dallas Destiny"]
[BlackTeam "Rio Grande Ospreys"]
[WhiteFideId "2043700"]
[BlackFideId "1134167"]
[EventDate "2018.01.18"]

1. e4 c5 2. c3 d5 3. exd5 Qxd5 4. d4 e6 5. Nf3 Nf6 6. Na3 Qd8 7. Be3 Nd5 8. Ne5
Nc6 9. Bb5 Bd7 10. Bxc6 Bxc6 11. Nxc6 bxc6 12. Qa4 Qc7 13. Nc4 Be7 14. Qa5 Qxa5
15. Nxa5 Rc8 16. dxc5 Nxe3 17. fxe3 Bxc5 18. Nb7 Be7 19. Kd1 Rb8 20. Na5 Rxb2
21. Nxc6 Bc5 0-1

[Event "PRO League Group Stage"]
[Site "chess.com INT"]
[Date "2018.01.25"]
[Round "2"]
[White "Breckenridge, Steven"]
[Black "Vazquez, Guillermo"]
[Result "0-1"]
[WhiteTitle "FM"]
[BlackTitle "IM"]
[WhiteElo "2312"]
[BlackElo "2436"]
[WhiteTeam "Dallas Destiny"]
[BlackTeam "Rio Grande Ospreys"]
[WhiteFideId "2043700"]
[BlackFideId "3702308"]
[EventDate "2018.01.18"]

1. e4 c5 2. c3 d5 3. exd5 Qxd5 4. d4 Nc6 5. Nf3 Bf5 6. Be2 cxd4 7. cxd4 Bxb1 8.
Rxb1 e6 9. O-O Nf6 10. Qa4 Bd6 11. b4 O-O 12. b5 Ne7 13. Ne5 Bxe5 14. dxe5 Qxe5
15. Bf3 Ned5 16. Bb2 Qf5 17. Rbc1 e5 18. Rc5 e4 19. Bxf6 exf3 20. Bxg7 Rfe8 21.
g4 Qf4 22. Qxf4 Nxf4 23. Bc3 Nh3+ 24. Kh1 Rad8 25. Rh5 Rd3 26. Be1 Rd1 27. Rxh3
Rexe1 28. Kg1 0-1

[Event "PRO League Group Stage"]
[Site "chess.com INT"]
[Date "2018.01.25"]
[Round "2"]
[White "Arkell, Keith C"]
[Black "Thorfinnsson, Bjorn"]
[Result "1-0"]
[WhiteTitle "GM"]
[BlackTitle "IM"]
[WhiteElo "2411"]
[BlackElo "2400"]
[WhiteTeam "London Towers"]
[BlackTeam "Reykjavik Puffins"]
[WhiteFideId "400270"]
[BlackFideId "2300982"]
[EventDate "2018.01.18"]

1. d4 d5 2. Nf3 e6 3. c4 Nf6 4. cxd5 exd5 5. Nc3 Bb4 6. Qa4+ Nc6 7. Bg5 h6 8.
Bxf6 Qxf6 9. e3 O-O 10. Be2 Rd8 11. O-O Bf8 12. Rac1 Ne7 13. b4 Bg4 14. Ne5 Bxe2
15. Nxe2 Qd6 16. Qb3 a6 17. a4 Nc6 18. Nxc6 bxc6 19. Qc2 Rdb8 20. Qxc6 Qxb4 21.
Qxd5 Ra7 22. Rc4 Qd2 23. Ng3 Rab7 24. Rcc1 Qb4 25. Qc4 Qxc4 26. Rxc4 c5 27. dxc5
Rb4 28. Rfc1 a5 29. c6 Rxc4 30. Rxc4 Bd6 31. Kf1 Kf8 32. Ne4 Bc7 33. Ke2 Ke7 34.
Nc3 Rb2+ 35. Kf3 Rb4 36. Nd5+ 1-0

[Event "PRO League Group Stage"]
[Site "chess.com INT"]
[Date "2018.01.25"]
[Round "2"]
[White "Arkell, Keith C"]
[Black "Olafsson, Helgi"]
[Result "1/2-1/2"]
[WhiteTitle "GM"]
[BlackTitle "GM"]
[WhiteElo "2411"]
[BlackElo "2508"]
[WhiteTeam "London Towers"]
[BlackTeam "Reykjavik Puffins"]
[WhiteFideId "400270"]
[BlackFideId "2300010"]
[EventDate "2018.01.18"]

1. d4 Nf6 2. Nf3 e6 3. c3 b6 4. Bg5 Bb7 5. Nbd2 Be7 6. e3 h6 7. Bh4 c5 8. Bd3
Nc6 9. O-O cxd4 10. cxd4 d5 11. a3 O-O 12. Qe2 Rc8 13. Rac1 Nh5 14. Bxe7 Qxe7
15. Ne5 Nf6 16. Nxc6 Bxc6 17. Ba6 Bb7 18. Nf3 Ne4 19. Ne5 Nd6 20. h3 Rfd8 21.
Bd3 Rc7 22. Qd2 Rdc8 23. Rxc7 Qxc7 24. Qb4 Ne4 25. Re1 Qd6 26. Bxe4 Qxb4 27.
axb4 dxe4 28. Ra1 a6 29. Nd7 Rc4 30. Nxb6 Rxb4 31. Na4 1/2-1/2

[Event "PRO League Group Stage"]
[Site "chess.com INT"]
[Date "2018.01.25"]
[Round "2"]
[White "Van Kampen, Robin"]
[Black "Shetty, Atulya"]
[Result "1-0"]
[WhiteTitle "GM"]
[BlackTitle "IM"]
[WhiteElo "2646"]
[BlackElo "2389"]
[WhiteTeam "Montreal Chessbrahs"]
[BlackTeam "Pittsburgh Pawngrabbers"]
[WhiteFideId "1020854"]
[BlackFideId "2031213"]
[EventDate "2018.01.18"]

1. c4 Nf6 2. Nc3 e5 3. Nf3 Nc6 4. g3 Bc5 5. Bg2 d6 6. O-O O-O 7. e3 a6 8. d4 Ba7
9. h3 h6 10. dxe5 dxe5 11. Qxd8 Rxd8 12. b3 Bf5 13. Ba3 Rd3 14. Rfc1 Rad8 15.
Ne1 Rd2 16. g4 Bc8 17. Bxc6 bxc6 18. Nf3 R2d3 19. Nxe5 Rxe3 20. fxe3 Bxe3+ 21.
Kf1 Bxc1 22. Rxc1 h5 23. Nxc6 Rd3 24. Ne7+ Kh7 25. Nxc8 hxg4 26. hxg4 Nxg4 27.
Ke2 Rh3 28. Ne7 g5 29. Bc5 Kg7 30. Rg1 Rxc3 31. Bd4+ 1-0

[Event "PRO League Group Stage"]
[Site "chess.com INT"]
[Date "2018.01.25"]
[Round "2"]
[White "Van Kampen, Robin"]
[Black "Shabalov, Alexander"]
[Result "1/2-1/2"]
[WhiteTitle "GM"]
[BlackTitle "GM"]
[WhiteElo "2646"]
[BlackElo "2544"]
[WhiteTeam "Montreal Chessbrahs"]
[BlackTeam "Pittsburgh Pawngrabbers"]
[WhiteFideId "1020854"]
[BlackFideId "2008572"]
[EventDate "2018.01.18"]

1. e4 Nc6 2. Nf3 d6 3. d4 Nf6 4. d5 Nb8 5. Bd3 g6 6. O-O Bg7 7. c4 O-O 8. Nc3 c6
9. Re1 Na6 10. Bg5 h6 11. Be3 Bg4 12. h3 Bxf3 13. Qxf3 Nd7 14. Qd1 Qc7 15. Rc1
Rae8 16. Qd2 Kh7 17. a3 Nac5 18. Bc2 a5 19. b4 axb4 20. axb4 Na6 21. Rb1 Ra8 22.
Rec1 c5 23. Nb5 Qd8 24. bxc5 Ndxc5 25. f4 Qd7 26. Rf1 e5 27. dxe6 Qxe6 28. Nxd6
Rad8 29. e5 Rd7 30. Qd5 Qxd5 31. cxd5 f6 32. Ne4 Rxd5 33. Nc3 Rdd8 34. f5 gxf5
35. Rxf5 Kh8 36. Rb5 Rc8 37. exf6 Rxf6 38. Rxf6 Bxf6 39. Nd5 Bg7 40. Ne7 Re8 41.
Nf5 Rxe3 42. Nxe3 Bd4 43. Kf2 Nc7 44. Rb4 Bxe3+ 1/2-1/2

[Event "PRO League Group Stage"]
[Site "chess.com INT"]
[Date "2018.01.25"]
[Round "2"]
[White "Kantans, Toms"]
[Black "Melkumyan, Hrant"]
[Result "0-1"]
[WhiteTitle "GM"]
[BlackTitle "GM"]
[WhiteElo "2478"]
[BlackElo "2654"]
[WhiteTeam "Riga Magicians"]
[BlackTeam "Armenia Eagles"]
[WhiteFideId "11602945"]
[BlackFideId "13302485"]
[EventDate "2018.01.18"]

1. e4 e5 2. Nf3 Nc6 3. d4 exd4 4. Nxd4 Bc5 5. Nb3 Bb6 6. Nc3 d6 7. a4 a6 8. Nd5
Ba7 9. Bd3 Nge7 10. O-O O-O 11. Re1 Ne5 12. Be3 Nxd5 13. exd5 Bxe3 14. Rxe3 Qf6
15. Be2 Bd7 16. Qd4 Rfe8 17. a5 g5 18. Re1 Kg7 19. h3 Ng6 20. Bg4 Rxe3 21. Rxe3
Bb5 22. Rc3 c5 23. dxc6 Bxc6 24. Bf3 Ne5 25. Bxc6 bxc6 26. Qb6 c5 27. Nd2 Qf4
28. Re3 Qd4 29. Qb7 Re8 30. Nf1 Qd1 31. Qxa6 Rb8 32. b3 Rb4 33. c4 Nxc4 34. bxc4
Rb1 35. Kh2 Qxf1 36. Qxd6 Qxf2 37. Qf4 gxf4 0-1

[Event "PRO League Group Stage"]
[Site "chess.com INT"]
[Date "2018.01.25"]
[Round "2"]
[White "Kantans, Toms"]
[Black "Manukian, Artak"]
[Result "1-0"]
[WhiteTitle "GM"]
[WhiteElo "2478"]
[BlackElo "2196"]
[WhiteTeam "Riga Magicians"]
[BlackTeam "Armenia Eagles"]
[WhiteFideId "11602945"]
[BlackFideId "13301373"]
[EventDate "2018.01.18"]

1. e4 c6 2. d4 d5 3. exd5 cxd5 4. c4 Nf6 5. Nc3 Nc6 6. Bf4 Be6 7. c5 g6 8. Bb5
Bg7 9. Nge2 O-O 10. O-O Ne4 11. Rc1 Nxc3 12. Rxc3 Bg4 13. f3 Bd7 14. Bxc6 Bxc6
15. Re1 Re8 16. b4 a5 17. a3 axb4 18. axb4 Bb5 19. Re3 Bxe2 20. R3xe2 Qd7 21.
Be5 Bxe5 22. Rxe5 e6 23. Qd3 Ra4 24. b5 Rea8 25. h4 Ra3 26. Qb1 Ra1 27. Qxa1
Rxa1 28. Rxa1 Qxb5 29. Ree1 Qb4 30. Red1 e5 31. Rab1 Qc4 32. Rxb7 exd4 33. Rb2
Qxc5 34. Rbd2 d3+ 35. Kh2 Qe7 36. g3 d4 37. Rxd3 Qe2+ 38. Kg1 f5 39. R1d2 Qe1+
40. Kg2 f4 41. gxf4 Qxh4 42. Rxd4 Kf7 43. Ra4 Kg7 44. Rd7+ Kh6 45. Rd1 Qe7 46.
Kg3 Qc7 47. Rh1+ Kg7 48. Rha1 Kh6 49. Ra7 1-0

[Event "PRO League Group Stage"]
[Site "chess.com INT"]
[Date "2018.01.25"]
[Round "2"]
[White "Hambleton, Aman"]
[Black "Brattain, Mika"]
[Result "1-0"]
[WhiteTitle "IM"]
[WhiteElo "2501"]
[BlackElo "2404"]
[WhiteTeam "Montreal Chessbrahs"]
[BlackTeam "Pittsburgh Pawngrabbers"]
[WhiteFideId "2606577"]
[BlackFideId "2071142"]
[EventDate "2018.01.18"]

1. d4 d5 2. Bf4 Nf6 3. e3 c5 4. Nf3 Nc6 5. Nbd2 cxd4 6. exd4 Qb6 7. Nb3 Bg4 8.
Be2 e6 9. O-O Be7 10. h3 Bh5 11. a4 a5 12. g4 Bg6 13. Ne5 Nxe5 14. dxe5 Nd7 15.
Bb5 Qc7 16. c4 dxc4 17. Rc1 Be4 18. Rxc4 Bc6 19. Nd4 Nc5 20. Bxc6+ bxc6 21. Qf3
Rc8 22. Rfc1 Qd7 23. Qc3 Ne4 24. Qe3 Nc5 25. Rxc5 Bxc5 26. Rxc5 O-O 27. Qc3 Rcd8
28. Be3 f6 29. Qc4 Rde8 30. Rxc6 Rc8 31. Qxe6+ Qxe6 32. Rxe6 Kf7 33. exf6 gxf6
34. Ra6 1-0

[Event "PRO League Group Stage"]
[Site "chess.com INT"]
[Date "2018.01.25"]
[Round "2"]
[White "Hambleton, Aman"]
[Black "Liang, Awonder"]
[Result "0-1"]
[WhiteTitle "IM"]
[BlackTitle "GM"]
[WhiteElo "2501"]
[BlackElo "2572"]
[WhiteTeam "Montreal Chessbrahs"]
[BlackTeam "Pittsburgh Pawngrabbers"]
[WhiteFideId "2606577"]
[BlackFideId "2056437"]
[EventDate "2018.01.18"]

1. d4 Nf6 2. Bf4 c5 3. e3 g6 4. c3 cxd4 5. exd4 Bg7 6. Nf3 O-O 7. Bd3 d6 8. O-O
Nc6 9. Re1 Re8 10. h3 Nh5 11. Be3 e5 12. Nbd2 Be6 13. dxe5 dxe5 14. Bc4 Nf6 15.
Bxe6 Rxe6 16. Ng5 Re7 17. Nde4 Nd5 18. Qb3 Nxe3 19. Rxe3 h6 20. Rd1 Qb6 21. Nf3
Qxb3 22. axb3 f5 23. Nc5 e4 24. Nh4 Kf7 25. Rd6 Bf6 26. g3 Ne5 27. Ng2 b6 28.
Na6 Ree8 29. Nf4 Red8 30. Rxd8 Rxd8 31. Kg2 Rd1 32. g4 Nf3 33. Ne2 Bg5 34. Rxf3
exf3+ 35. Kxf3 Rd3+ 36. Kg2 Rd2 37. Nd4 fxg4 38. hxg4 Rxb2 39. b4 Ra2 40. b5 Be3
41. Nc6 Bxf2 42. Nxa7 Be1+ 43. Kf3 Bxc3 44. Nc8 Ba5 45. Ke4 Ke6 46. Na7 Ra4+ 47.
Kf3 Kd6 48. Nc6 Bd2 49. Nd8 Bg5 50. Nf7+ Ke6 51. Nxg5+ hxg5 52. Nb8 Rf4+ 53. Kg3
Rb4 54. Nc6 Rb3+ 55. Kf2 Kd5 56. Ne7+ Ke4 57. Nc8 Kf4 58. Nxb6 Rxb5 59. Nc4 Kxg4
60. Kg2 Rb8 61. Ne5+ Kf5 62. Nf3 Ra8 63. Nd4+ Ke4 64. Ne6 Kf5 65. Nd4+ Kg4 66.
Kg1 Ra2 67. Ne6 Kg3 68. Kf1 g4 69. Ng5 Kh2 70. Ne4 g3 0-1

[Event "PRO League Group Stage"]
[Site "chess.com INT"]
[Date "2018.01.25"]
[Round "2"]
[White "Sevian, Samuel"]
[Black "Li, Zhaoyang"]
[Result "1-0"]
[WhiteTitle "GM"]
[WhiteElo "2614"]
[BlackElo "2091"]
[WhiteTeam "San Diego Surfers"]
[BlackTeam "Chengdu Pandas"]
[WhiteFideId "2040506"]
[BlackFideId "8608237"]
[EventDate "2018.01.18"]

1. e4 e5 2. Bc4 Nf6 3. d3 c6 4. Nf3 d5 5. Bb3 Bb4+ 6. c3 Bd6 7. Nbd2 O-O 8. O-O
Na6 9. Bc2 dxe4 10. dxe4 Bg4 11. Nc4 Bxf3 12. Qxf3 b5 13. Ne3 g6 14. Rd1 Qe7 15.
Nf1 Ne8 16. a4 Nac7 17. axb5 cxb5 18. Bh6 Ng7 19. b4 Rfd8 20. Bb3 Nge6 21. Ne3
Ng7 22. Ng4 Nge8 23. Bg5 1-0